Facultad de Derecho – Universidad Nacional de Mar del Plata

Nociones de derecho administrativo y legislacion fiscal (Record no. 1441)

MARC details
000 -LEADER
fixed length control field 00559cam a22001937a 4500
001 - CONTROL NUMBER
control field 001450
003 - CONTROL NUMBER IDENTIFIER
control field armpunfd
005 - DATE AND TIME OF LATEST TRANSACTION
control field 20140612090640.0
008 - FIXED-LENGTH DATA ELEMENTS--GENERAL INFORMATION
fixed length control field 040225e0####xx#a##########000#0#und#d
040 ## - CATALOGING SOURCE
Original cataloging agency armpunfd
Transcribing agency armpunfd
080 ## - UNIVERSAL DECIMAL CLASSIFICATION NUMBER
Universal Decimal Classification number 35 CH 973
100 10 - MAIN ENTRY--PERSONAL NAME
Personal name Cholvis, Francisco
245 10 - TITLE STATEMENT
Title Nociones de derecho administrativo y legislacion fiscal
260 ## - PUBLICATION, DISTRIBUTION, ETC. (IMPRINT)
Place of publication, distribution, etc Uenos Aires : Editorial Codex
Name of publisher, distributor, etc 1963. 167 P.
650 #7 - SUBJECT ADDED ENTRY--TOPICAL TERM
Topical term or geographic name as entry element Derecho Administrativo
Source of heading or term LEMB
650 #7 - SUBJECT ADDED ENTRY--TOPICAL TERM
Topical term or geographic name as entry element Legislacion Fiscal
Source of heading or term LEMB
942 ## - ADDED ENTRY ELEMENTS (KOHA)
Koha item type LIBRO
Source of classification or shelving scheme
945 ## - LOCAL PROCESSING INFORMATION (OCLC)
a Catalis
d 2010-08-19
Holdings
Withdrawn status Lost status Source of classification or shelving scheme Damaged status Not for loan Home library Current library Shelving location Date acquired Total Checkouts Full call number Barcode Date last seen Price effective from Koha item type
          Bib. Derecho Bib. Derecho Sector Prestamo 12/06/2014   35 CH 973 103588 12/06/2014 12/06/2014 LIBRO

XHTML | CSS | ©Biblioteca Central - Dto. Tecnología de la Información - [ Con tecnología Koha ]